[Event "Chesspangenberg op 1st"]
[Site "Buenos Aires"]
[Date "2003.11.06"]
[Round "3"]
[White "Bernal, Gustavo"]
[Black "Dorin, Mauricio"]
[Result "0-1"]
[WhiteElo "2162"]
[BlackElo "2395"]
[PlyCount "64"]
[EventDate "2003.11.04"]
[EventType "swiss"]
[EventRounds "9"]
[EventCountry "ARG"]
[SourceTitle "EXT 2004"]
[Source "ChessBase"]
[SourceDate "2003.11.25"]
[SourceVersion "1"]
[SourceVersionDate "2003.11.25"]
[SourceQuality "1"]

1. d4 Nf6 2. c4 e6 3. Nf3 Bb4+ 4. Nbd2 d5 5. Qa4+ Nc6 6. a3 Be7 7. e3 0-0 8. Bd3 Bd7 9. Qc2 a5 10. b3 h6 11. Bb2 Ne8 12. 0-0 f5 13. Ne5 Nxe5 14. dxe5 c5 15. cxd5 exd5 16. f4 a4 17. bxa4 Bxa4 18. Qb1 Qd7 19. g4 fxg4 20. f5 Bg5 21. Qe1 Bb5 22. Bc2 Bxf1 23. Nxf1 Nc7 24. e4 d4 25. Qg3 Qb5 26. Bc1 c4 27. Bxg5 hxg5 28. e6 Qc5 29. Bd1 d3+ 30. Kh1 Nxe6 31. Bxg4 Nf4 32. Bf3 Rxa3 0-1

[Event "American Continental 02nd"]
[Site "Buenos Aires"]
[Date "2003.08.27"]
[Round "9"]
[White "Sorin, Ariel"]
[Black "Dorin, Mauricio"]
[Result "1/2-1/2"]
[WhiteElo "2519"]
[BlackElo "2395"]
[PlyCount "105"]
[EventDate "2003.08.17"]
[EventType "swiss"]
[EventRounds "11"]
[EventCountry "ARG"]
[SourceTitle "CBM 097"]
[Source "ChessBase"]
[SourceDate "2003.11.11"]
[SourceVersion "1"]
[SourceVersionDate "2003.11.11"]
[SourceQuality "1"]

1. d4 e6 2. c4 Nf6 3. Nf3 Bb4+ 4. Nbd2 b6 5. e3 Bb7 6. Bd3 0-0 7. 0-0 d5 8. a3 Bxd2 9. Nxd2 dxc4 10. Nxc4 Nbd7 11. b4 Qe7 12. Bb2 Rfd8 13. Qc2 Rac8 14. Rfd1 h6 15. e4 c5 16. dxc5 bxc5 17. b5 Ne8 18. a4 Nb6 19. f3 Nxc4 20. Bxc4 Nd6 21. Bf1 f5 22. e5 Nf7 23. Bc4 Bd5 24. Bxd5 exd5 25. Qxf5 d4 26. f4 Qb7 27. Rac1 a6 28. e6 Nd6 29. Qe5 axb5 30. e7 Rd7 31. Rxc5 Rxc5 32. Qxc5 Rxe7 33. Bxd4 Rd7 34. Be3 Nc4 35. Rxd7 Qxd7 36. Qxb5 Qd3 37. Qe8+ Kh7 38. Bf2 Qd1+ 39. Qe1 Qxa4 40. Qe4+ Kh8 41. h4 Qd1+ 42. Kh2 Nd2 43. Qe8+ Kh7 44. Qe6 Nf1+ 45. Kh3 Qd3+ 46. g3 Qf3 47. Qf5+ Kh8 48. Qc8+ Kh7 49. Qf5+ Kh8 50. Qc5 h5 51. Qf8+ Kh7 52. Qf5+ Kh8 53. Qf8+ 1/2-1/2

[Event "American Continental 02nd"]
[Site "Buenos Aires"]
[Date "2003.08.23"]
[Round "6"]
[White "Orsini, Antonio"]
[Black "Dorin, Mauricio"]
[Result "0-1"]
[WhiteElo "2181"]
[BlackElo "2395"]
[PlyCount "66"]
[EventDate "2003.08.17"]
[EventType "swiss"]
[EventRounds "11"]
[EventCountry "ARG"]
[SourceTitle "CBM 097"]
[Source "ChessBase"]
[SourceDate "2003.11.11"]
[SourceVersion "1"]
[SourceVersionDate "2003.11.11"]
[SourceQuality "1"]

1. e4 c5 2. Nf3 e6 3. Nc3 a6 4. g3 d5 5. exd5 exd5 6. d4 c4 7. Bg2 h6 8. 0-0 Nf6 9. Re1+ Be7 10. Qe2 Nc6 11. Ne5 Nxd4 12. Qd1 Nc6 13. Nxd5 Nxe5 14. Rxe5 Be6 15. Be3 Bxd5 16. Bxd5 Qc7 17. Qd4 Rd8 18. Bf4 0-0 19. Qxc4 Bd6 20. Qxc7 Bxc7 21. Bxb7 Bxe5 22. Bxe5 a5 23. c4 Ng4 24. Bc3 Rb8 25. Bf3 Nf6 26. b3 a4 27. b4 Rfd8 28. Bxf6 gxf6 29. Rb1 Rd2 30. c5 Rxa2 31. b5 a3 32. b6 Rc2 33. c6 a2 0-1

[Event "Asuncion 1st"]
[Site "Asuncion"]
[Date "2002.04.19"]
[Round "11"]
[White "Dumont, Sadi Glasser"]
[Black "Dorin, Mauricio"]
[Result "1-0"]
[WhiteElo "2367"]
[BlackElo "2389"]
[PlyCount "107"]
[EventDate "2002.04.08"]
[EventType "tourn"]
[EventRounds "11"]
[EventCountry "PAR"]
[EventCategory "4"]
[SourceTitle "CBM 087 Extra"]
[Source "ChessBase"]
[SourceDate "2002.05.03"]
[SourceVersion "2"]
[SourceVersionDate "2002.08.09"]
[SourceQuality "1"]

1. g3 d5 2. Bg2 c6 3. Nf3 Bf5 4. d3 h6 5. 0-0 Nf6 6. c4 e6 7. Be3 Nbd7 8. Qb3 Qc7 9. Rc1 dxc4 10. Qxc4 Ng4 11. Bd2 Qb6 12. Be1 Qxb2 13. Nc3 Qa3 14. Nd4 Nge5 15. Qb3 Qxb3 16. axb3 Bh7 17. b4 Bxb4 18. Ncb5 Bxe1 19. Nc7+ Ke7 20. Nxa8 Bxf2+ 21. Kxf2 Rxa8 22. Rcb1 Nc5 23. Nb3 Ncxd3+ 24. exd3 Bxd3 25. Re1 f6 26. Nc5 Bb5 27. Reb1 a6 28. Nxb7 Rb8 29. Nc5 Rd8 30. Rd1 Ra8 31. Nb3 Ng4+ 32. Kg1 e5 33. Nc5 Ra7 34. Ra3 f5 35. Re1 Kd6 36. Rc3 h5 37. h3 Nf6 38. Rd1+ Ke7 39. Re3 e4 40. Bf1 g5 41. Ra3 a5 42. Rda1 a4 43. Nxa4 Bxf1 44. Kxf1 Ra5 45. Nb6 Rc5 46. Ra8 Ke6 47. Rd1 Rb5 48. Nc4 f4 49. gxf4 gxf4 50. Rf8 Rc5 51. Nd2 Kf5 52. Rxf6+ Kxf6 53. Nxe4+ Ke5 54. Nxc5 1-0

[Event "Asuncion 1st"]
[Site "Asuncion"]
[Date "2002.04.17"]
[Round "9"]
[White "Peralta, Eduardo"]
[Black "Dorin, Mauricio"]
[Result "1/2-1/2"]
[WhiteElo "2302"]
[BlackElo "2389"]
[PlyCount "99"]
[EventDate "2002.04.08"]
[EventType "tourn"]
[EventRounds "11"]
[EventCountry "PAR"]
[EventCategory "4"]
[SourceTitle "CBM 087 Extra"]
[Source "ChessBase"]
[SourceDate "2002.05.03"]
[SourceVersion "2"]
[SourceVersionDate "2002.08.09"]
[SourceQuality "1"]

1. e4 c5 2. Nf3 Nf6 3. e5 Nd5 4. g3 Nc6 5. Bg2 Nc7 6. 0-0 g6 7. c3 d5 8. exd6 Qxd6 9. d4 Bg4 10. Bf4 Qd7 11. Qb3 Bxf3 12. Bxf3 Na6 13. d5 Na5 14. Qc2 Nc4 15. Na3 Nxa3 16. bxa3 Bg7 17. Rab1 0-0 18. Qb3 b6 19. Qc4 Nc7 20. d6 exd6 21. Bxa8 Rxa8 22. Rbd1 Bf8 23. Rfe1 Rd8 24. Bg5 Rc8 25. a4 h6 26. Bf4 Rd8 27. a5 b5 28. Qe2 a6 29. Qd2 Kh7 30. h4 Qf5 31. Qd3 Qf6 32. h5 Ne6 33. hxg6+ Qxg6 34. Qf3 Bg7 35. Bxd6 Ng5 36. Qc6 Bxc3 37. Re8 Rxe8 38. Qxe8 Bd4 39. Bf4 Nh3+ 40. Kf1 Qf5 41. Re1 Nxf2 42. Kg2 Qh3+ 43. Kf3 Qh5+ 44. Kg2 Ng4 45. Qd7 Qh2+ 46. Kf3 Qf2+ 47. Kxg4 Qxe1 48. Qxf7+ Bg7 49. Qf5+ Kg8 50. Qd5+ 1/2-1/2

[Event "Asuncion 1st"]
[Site "Asuncion"]
[Date "2002.04.13"]
[Round "6"]
[White "Dorin, Mauricio"]
[Black "Crosa Coll, Martin"]
[Result "1/2-1/2"]
[WhiteElo "2389"]
[BlackElo "2384"]
[PlyCount "32"]
[EventDate "2002.04.08"]
[EventType "tourn"]
[EventRounds "11"]
[EventCountry "PAR"]
[EventCategory "4"]
[SourceTitle "CBM 087 Extra"]
[Source "ChessBase"]
[SourceDate "2002.05.03"]
[SourceVersion "2"]
[SourceVersionDate "2002.08.09"]
[SourceQuality "1"]

1. e4 c6 2. d4 d5 3. exd5 cxd5 4. c3 Nc6 5. Nf3 Nf6 6. h3 Bf5 7. Bf4 e6 8. Nbd2 Bd6 9. Bxd6 Qxd6 10. Bb5 0-0 11. 0-0 Be4 12. Re1 Bxf3 13. Qxf3 a6 14. Bd3 Rfc8 15. Qe2 Ne7 16. g3 g6 1/2-1/2

[Event "Asuncion 1st"]
[Site "Asuncion"]
[Date "2002.04.11"]
[Round "4"]
[White "Dorin, Mauricio"]
[Black "Sosa Harrison, Jorge"]
[Result "1/2-1/2"]
[WhiteElo "2389"]
[BlackElo "2285"]
[PlyCount "30"]
[EventDate "2002.04.08"]
[EventType "tourn"]
[EventRounds "11"]
[EventCountry "PAR"]
[EventCategory "4"]
[SourceTitle "CBM 087 Extra"]
[Source "ChessBase"]
[SourceDate "2002.05.03"]
[SourceVersion "2"]
[SourceVersionDate "2002.08.09"]
[SourceQuality "1"]

1. e4 c5 2. Nf3 d6 3. Bb5+ Nc6 4. 0-0 Bd7 5. c3 Nf6 6. Re1 a6 7. Bf1 e5 8. h3 Be7 9. d4 h6 10. a4 0-0 11. Na3 cxd4 12. cxd4 exd4 13. Nxd4 d5 14. exd5 Nxd5 15. Nxc6 Bxc6 1/2-1/2

[Event "Buenos Aires Boca op"]
[Site "Buenos Aires"]
[Date "2001.09.20"]
[Round "4"]
[White "Garcia, Raimundo"]
[Black "Dorin, Mauricio"]
[Result "0-1"]
[WhiteElo "2368"]
[BlackElo "2410"]
[PlyCount "114"]
[EventDate "2001.09.17"]
[EventType "swiss"]
[EventRounds "9"]
[EventCountry "ARG"]
[SourceTitle "CBM 084 Extra"]
[Source "ChessBase"]
[SourceDate "2001.10.26"]
[SourceVersion "1"]
[SourceVersionDate "2001.10.26"]
[SourceQuality "1"]

1. Nf3 Nf6 2. c4 e6 3. g3 b6 4. Bg2 Bb7 5. 0-0 c5 6. Nc3 d5 7. cxd5 Nxd5 8. Nxd5 exd5 9. d4 Be7 10. Qa4+ Qd7 11. Qxd7+ Nxd7 12. Bh3 c4 13. Be3 b5 14. Rfd1 Nb6 15. Nh4 g6 16. Ng2 Bc8 17. Bxc8 Rxc8 18. Nf4 Bd6 19. Ng2 Kd7 20. Bf4 Rhe8 21. Bxd6 Kxd6 22. e3 a5 23. Nf4 b4 24. Kf1 a4 25. Ne2 Rc6 26. Rdc1 Rec8 27. Ke1 Nd7 28. Kd2 f5 29. Rab1 Nf6 30. Ke1 Ne4 31. f3 Nf6 32. a3 Re8 33. Kf2 Rb6 34. axb4 Rxb4 35. Rc3 g5 36. Ra3 g4 37. Nc3 gxf3 38. Kxf3 Ne4 39. Kf4 Nxc3 40. Rxc3 Reb8 41. Kxf5 Rxb2 42. Rxb2 Rxb2 43. Ra3 Rf2+ 44. Kg5 Kc6 45. Rxa4 Kb5 46. Ra8 c3 47. Rc8 Kb4 48. h4 Rf3 49. g4 Kb3 50. Kh6 Rxe3 51. g5 Re4 52. h5 Rxd4 53. g6 hxg6 54. hxg6 Rg4 55. g7 d4 56. g8Q+ Rxg8 57. Rxg8 d3 0-1

[Event "Buenos Aires Boca op"]
[Site "Buenos Aires"]
[Date "2001.09.19"]
[Round "3"]
[White "Dorin, Mauricio"]
[Black "Perez Pietronave, Carlos"]
[Result "1/2-1/2"]
[WhiteElo "2410"]
[BlackElo "2280"]
[PlyCount "118"]
[EventDate "2001.09.17"]
[EventType "swiss"]
[EventRounds "9"]
[EventCountry "ARG"]
[SourceTitle "CBM 084 Extra"]
[Source "ChessBase"]
[SourceDate "2001.10.26"]
[SourceVersion "1"]
[SourceVersionDate "2001.10.26"]
[SourceQuality "1"]

1. Nf3 f5 2. g3 g6 3. Bg2 Bg7 4. d4 Nf6 5. 0-0 0-0 6. b3 d6 7. Bb2 Ng4 8. Qd2 Nc6 9. c4 e5 10. dxe5 dxe5 11. h3 e4 12. Bxg7 Kxg7 13. hxg4 exf3 14. Qc3+ Qf6 15. Qxf6+ Kxf6 16. Bxf3 Nd4 17. Nc3 fxg4 18. Bg2 Kg7 19. c5 Ne6 20. Rac1 Rf5 21. c6 bxc6 22. Bxc6 Rb8 23. f4 gxf3 24. exf3 Nd4 25. Be4 Rg5 26. Kf2 c5 27. f4 Rh5 28. Rh1 Rxh1 29. Bxh1 c4 30. Nd5 cxb3 31. Rc7+ Kf8 32. axb3 Be6 33. Nf6 Rxb3 34. Nxh7+ Ke8 35. Be4 Rb2+ 36. Ke3 Nf5+ 37. Bxf5 Bxf5 38. Rxa7 Rb3+ 39. Kd4 Rxg3 40. Ke5 Re3+ 41. Kf6 Re6+ 42. Kg5 Re7 43. Ra8+ Kf7 44. Kh6 Re1 45. Ng5+ Ke7 46. Kg7 Rf1 47. Ra4 Kd6 48. Kf6 Kc5 49. Ne6+ Kd5 50. Rd4+ Kc6 51. Ke7 Re1 52. Rd6+ Kb7 53. Kf6 Bb1 54. Nf8 Rf1 55. Rd4 Kc6 56. Nxg6 Kc5 57. Ra4 Kb5 58. Ra1 Kc5 59. Kg7 Rd1 1/2-1/2

[Event "Buenos Aires Boca op"]
[Site "Buenos Aires"]
[Date "2001.09.18"]
[Round "2"]
[White "Albarran, Gustavo Eduardo"]
[Black "Dorin, Mauricio"]
[Result "1/2-1/2"]
[WhiteElo "2283"]
[BlackElo "2410"]
[PlyCount "105"]
[EventDate "2001.09.17"]
[EventType "swiss"]
[EventRounds "9"]
[EventCountry "ARG"]
[SourceTitle "CBM 084 Extra"]
[Source "ChessBase"]
[SourceDate "2001.10.26"]
[SourceVersion "1"]
[SourceVersionDate "2001.10.26"]
[SourceQuality "1"]

1. d4 Nf6 2. Nf3 e6 3. Bg5 c5 4. c3 d5 5. e3 Qb6 6. Qb3 c4 7. Qc2 Ne4 8. Nbd2 Nxg5 9. Nxg5 Be7 10. Ngf3 Nc6 11. e4 Qc7 12. g3 b5 13. Bg2 dxe4 14. Nxe4 Bb7 15. 0-0 0-0 16. Neg5 g6 17. h4 Nd8 18. Rfe1 Bd5 19. Re3 Qb7 20. Ne1 Bxg2 21. Nxg2 Rb8 22. a3 a5 23. Qe2 Qd5 24. Re5 Qd7 25. Nf3 Bf6 26. Re4 Nc6 27. Rd1 Rfd8 28. Ne3 Ne7 29. Ne5 Qb7 30. Rf4 Bxe5 31. dxe5 Nc6 32. Ng4 Rxd1+ 33. Qxd1 Rd8 34. Qf3 Kg7 35. Rd4 Rxd4 36. cxd4 h5 37. Qf6+ Kh7 38. Nh6 Qe7 39. Qxe7 Nxe7 40. Nxf7 b4 41. axb4 axb4 42. Ng5+ Kg8 43. Kf1 Nc6 44. Nf3 Kf7 45. Ke2 Ke7 46. Ke3 Kd7 47. Nd2 Na5 48. Ne4 Kc6 49. Nf6 Kb5 50. d5 exd5 51. e6 d4+ 52. Kxd4 Nc6+ 53. Ke3 1/2-1/2

[Event "Mercosur Cup 4th"]
[Site "Vicente Lopez"]
[Date "2001.07.05"]
[Round "10"]
[White "Rodriguez Vila, Andres"]
[Black "Dorin, Mauricio"]
[Result "0-1"]
[WhiteElo "2500"]
[BlackElo "2410"]
[PlyCount "90"]
[EventDate "2001.06.23"]
[EventType "tourn"]
[EventRounds "9"]
[EventCountry "ARG"]
[EventCategory "8"]
[SourceTitle "EXT 2002"]
[Source "ChessBase"]
[SourceDate "2001.11.25"]
[SourceVersion "1"]
[SourceVersionDate "2001.11.25"]
[SourceQuality "1"]

1. e4 c5 2. Nf3 e6 3. Qe2 Nc6 4. g3 d6 5. c3 Nf6 6. Bg2 Be7 7. 0-0 0-0 8. d4 cxd4 9. cxd4 d5 10. e5 Ne4 11. Rd1 f6 12. exf6 Bxf6 13. Nc3 Nd6 14. g4 Be7 15. b3 Nf7 16. Bf4 Ng5 17. Nxg5 Bxg5 18. Bg3 Bf4 19. f3 Qf6 20. Qf2 Bd7 21. Ne2 Bxg3 22. Qxg3 Rac8 23. h3 g5 24. Rd2 e5 25. dxe5 Nxe5 26. Rf1 Bb5 27. Rf2 Bxe2 28. Rfxe2 Ng6 29. Re1 Nf4 30. Bf1 Rc3 31. Qf2 b6 32. Rc2 Rfc8 33. Rxc3 Rxc3 34. Re3 Rc1 35. Re1 Qc3 36. Rxc1 Qxc1 37. Kh2 Qc3 38. Bb5 Kf7 39. h4 h6 40. h5 Ke7 41. Bf1 Kd6 42. Ba6 d4 43. Kg3 d3 44. Qe3 Qb2 45. Qf2 d2 0-1

[Event "Mercosur Cup 4th"]
[Site "Vicente Lopez"]
[Date "2001.07.03"]
[Round "9"]
[White "Dorin, Mauricio"]
[Black "Limp, Eduardo Thelio"]
[Result "0-1"]
[WhiteElo "2410"]
[BlackElo "2465"]
[PlyCount "105"]
[EventDate "2001.06.23"]
[EventType "tourn"]
[EventRounds "9"]
[EventCountry "ARG"]
[EventCategory "8"]
[SourceTitle "EXT 2002"]
[Source "ChessBase"]
[SourceDate "2001.11.25"]
[SourceVersion "1"]
[SourceVersionDate "2001.11.25"]
[SourceQuality "1"]

1. e4 e6 2. d4 d5 3. Nc3 Nf6 4. e5 Nfd7 5. f4 c5 6. Nce2 Nc6 7. c3 cxd4 8. cxd4 Nb6 9. Nf3 Bd7 10. a3 a5 11. Nc3 a4 12. Be3 Na5 13. Nd2 Bc6 14. Bf2 f5 15. exf6 Qxf6 16. Qh5+ g6 17. Qe5 Qxe5+ 18. fxe5 Bh6 19. Nf3 Nbc4 20. Rb1 0-0 21. Bd3 Nb3 22. Ke2 Rf7 23. Bxc4 dxc4 24. Be3 Bxe3 25. Kxe3 h6 26. Rbd1 Rd8 27. h4 Rfd7 28. Ne4 Bxe4 29. Kxe4 Nc5+ 30. Ke3 Nd3 31. Rd2 Rf7 32. Rf1 Nf4 33. Rdf2 Nd5+ 34. Ke2 Rf4 35. Kd2 Rdf8 36. Ke2 Re4+ 37. Kd2 Ref4 38. Ke2 Rg4 39. Kd2 b5 40. Kc1 Ne3 41. Rg1 Kg7 42. Kd2 Nd5 43. Rff1 Rgf4 44. Re1 Rg4 45. Ref1 g5 46. hxg5 hxg5 47. g3 Rf5 48. Rg2 Kg6 49. Rff2 Re4 50. Kc1 Re3 51. Nd2 Re1+ 52. Kc2 Ne3+ 53. Kc3 0-1

[Event "Mercosur Cup 4th"]
[Site "Vicente Lopez"]
[Date "2001.06.29"]
[Round "6"]
[White "Panno, Oscar"]
[Black "Dorin, Mauricio"]
[Result "1-0"]
[WhiteElo "2471"]
[BlackElo "2410"]
[PlyCount "80"]
[EventDate "2001.06.23"]
[EventType "tourn"]
[EventRounds "9"]
[EventCountry "ARG"]
[EventCategory "8"]
[SourceTitle "EXT 2002"]
[Source "ChessBase"]
[SourceDate "2001.11.25"]
[SourceVersion "1"]
[SourceVersionDate "2001.11.25"]
[SourceQuality "1"]

1. d4 e6 2. c4 Nf6 3. g3 c5 4. d5 exd5 5. cxd5 d6 6. Nc3 g6 7. Bg2 Bg7 8. Nf3 0-0 9. 0-0 Na6 10. Nd2 Nc7 11. a4 Rb8 12. Nc4 Nfe8 13. Bf4 f5 14. Qd2 Rf7 15. e4 Bxc3 16. bxc3 fxe4 17. Bxe4 Bh3 18. Rfe1 b6 19. f3 Bf5 20. Bxf5 gxf5 21. Re2 Qf6 22. Rae1 Rg7 23. Nxd6 Nxd6 24. Be5 Qd8 25. Bxg7 Kxg7 26. Re7+ Kg6 27. h4 Nf7 28. d6 Ne8 29. Rxe8 Qxe8 30. Rxe8 Rxe8 31. d7 Rd8 32. Qd5 Kf6 33. Kf2 h6 34. Qb7 Ne5 35. Qxa7 Nxd7 36. Qc7 Ke7 37. Qf4 Ke6 38. Qe3+ Kf7 39. Qxh6 Nf6 40. Qf4 Ke6 1-0

[Event "Mar del Plata op 30th"]
[Site "Mar del Plata"]
[Date "1999.04.02"]
[Round "7"]
[White "Della Morte, Pablo"]
[Black "Dorin, Mauricio"]
[Result "0-1"]
[WhiteElo "2220"]
[BlackElo "2397"]
[PlyCount "116"]
[EventDate "1999.03.??"]
[EventType "team"]
[EventRounds "9"]
[EventCountry "ARG"]
[SourceTitle "EXT 2000"]
[Source "ChessBase"]
[SourceDate "1999.11.16"]
[SourceVersion "1"]
[SourceVersionDate "1999.11.16"]
[SourceQuality "1"]

1. e4 c5 2. Nf3 Nc6 3. d4 cxd4 4. Nxd4 g6 5. Nc3 Bg7 6. Be3 Nf6 7. Bc4 0-0 8. Bb3 Qa5 9. 0-0 d6 10. h3 Bd7 11. Nf3 Qh5 12. Ne2 Qa5 13. Ng3 Qc7 14. Qe2 Na5 15. Rad1 b5 16. Bc1 Rac8 17. Nd4 Nxb3 18. cxb3 b4 19. f4 Qb6 20. Be3 Qa5 21. f5 e5 22. fxe6 fxe6 23. Qd2 e5 24. Nf3 Qxa2 25. Qxb4 Qxb2 26. Rxd6 a5 27. Qxa5 Qxb3 28. Bg5 Ra8 29. Qd2 Ra2 30. Qd1 Qxd1 31. Rfxd1 Ba4 32. Rc1 Rc2 33. Rxc2 Bxc2 34. Bxf6 Bxf6 35. Rd5 Re8 36. Rc5 Bb1 37. Rc6 Kf7 38. Rc7+ Re7 39. Rxe7+ Kxe7 40. Nd2 Ba2 41. Ngf1 Kd6 42. Ne3 Kc5 43. Nf3 h5 44. Kf2 Bb1 45. Nd5 Bg7 46. Nc3 Bc2 47. Ne1 Bb3 48. Kf3 Kd4 49. Ne2+ Kc4 50. Nc1 Bd1+ 51. Ne2 Bf8 52. g4 hxg4+ 53. hxg4 Bb4 54. Ng2 Kd3 55. Nh4 Bxe2+ 56. Kf2 g5 57. Ng6 Bc5+ 58. Ke1 Ke3 0-1

[Event "Mar del Plata op 30th"]
[Site "Mar del Plata"]
[Date "1999.04.01"]
[Round "6"]
[White "Dorin, Mauricio"]
[Black "Ferrara, Alexis"]
[Result "1-0"]
[WhiteElo "2397"]
[BlackElo "2185"]
[PlyCount "69"]
[EventDate "1999.03.??"]
[EventType "team"]
[EventRounds "9"]
[EventCountry "ARG"]
[SourceTitle "EXT 2000"]
[Source "ChessBase"]
[SourceDate "1999.11.16"]
[SourceVersion "1"]
[SourceVersionDate "1999.11.16"]
[SourceQuality "1"]

1. e4 e5 2. Nf3 Nf6 3. Nc3 Bb4 4. Nxe5 0-0 5. Be2 Re8 6. Nf3 Nxe4 7. Nd5 Ba5 8. 0-0 c6 9. b4 cxd5 10. bxa5 Qf6 11. Rb1 Nc6 12. Bb5 a6 13. Ba4 Nxa5 14. Bb2 Qf4 15. d3 Nc5 16. Re1 Ne6 17. c4 dxc4 18. Be5 Qf5 19. Bc3 b5 20. Bc2 Nc6 21. d4 Qf6 22. Ne5 b4 23. Ba1 Nxe5 24. dxe5 Qg5 25. Rxb4 a5 26. Rxc4 Bb7 27. Be4 Bxe4 28. Rcxe4 Qe7 29. g3 Red8 30. Qd6 Qxd6 31. exd6 f6 32. f4 Ra6 33. f5 Ng5 34. R4e3 Rxd6 35. h4 1-0

[Event "Villa Martelli op2"]
[Site "Villa Martelli"]
[Date "1999.??.??"]
[Round "4"]
[White "Hoffman, Alejandro"]
[Black "Dorin, Mauricio"]
[Result "1-0"]
[WhiteElo "2547"]
[BlackElo "2385"]
[PlyCount "79"]
[EventDate "1999.??.??"]
[EventType "swiss"]
[EventRounds "9"]
[EventCountry "ARG"]
[SourceTitle "EXT 2001"]
[Source "ChessBase"]
[SourceDate "2000.11.22"]
[SourceVersion "1"]
[SourceVersionDate "2000.11.22"]
[SourceQuality "1"]

1. d4 e6 2. Nf3 Nf6 3. e3 b6 4. Bd3 Bb7 5. 0-0 Be7 6. c4 0-0 7. b3 c5 8. Bb2 d5 9. Qe2 Nc6 10. Nbd2 Nb4 11. Bb1 dxc4 12. bxc4 Re8 13. Rd1 cxd4 14. exd4 Bf8 15. h3 Rc8 16. Qe3 g6 17. Ne5 Bg7 18. f4 b5 19. Qb3 bxc4 20. Qxb4 Bxg2 21. Ndxc4 Nd5 22. Qe1 Bxh3 23. Qg3 f6 24. Nd3 Rxc4 25. Qxh3 Qb6 26. Qg3 Rxd4 27. Bxd4 Qxd4+ 28. Nf2 Nxf4 29. Rxd4 Ne2+ 30. Kg2 Nxg3 31. Rd7 f5 32. Rxg7+ Kxg7 33. Kxg3 e5 34. Bc2 Rc8 35. Bb3 Rc3+ 36. Kg2 g5 37. Rd1 e4 38. Rd7+ Kg6 39. Rd6+ Kg7 40. Nd1 1-0

[Event "Boca Juniors op"]
[Site "Buenos Aires"]
[Date "1998.05.16"]
[Round "9"]
[White "Vasquez Schroder, Rodrigo Rafael"]
[Black "Dorin, Mauricio"]
[Result "1/2-1/2"]
[WhiteElo "2485"]
[BlackElo "2355"]
[PlyCount "80"]
[EventDate "1998.05.07"]
[EventType "swiss"]
[EventRounds "9"]
[EventCountry "ARG"]
[SourceTitle "CBM 064 Extra"]
[Source "ChessBase"]
[SourceDate "1998.07.07"]
[SourceVersion "1"]
[SourceVersionDate "1998.07.07"]
[SourceQuality "1"]

1. d4 e6 2. Nf3 Nf6 3. c4 b6 4. e3 Bb7 5. Bd3 Be7 6. 0-0 0-0 7. b3 d6 8. Bb2 c5 9. Nbd2 Nbd7 10. Rc1 Rc8 11. Qe2 Rc7 12. Rfe1 Qa8 13. e4 cxd4 14. Nxd4 Ne5 15. Bb1 Ng6 16. Rcd1 Rd8 17. a3 a6 18. h3 Nd7 19. Qe3 Bf6 20. f4 e5 21. fxe5 dxe5 22. Nc2 Bh4 23. Rf1 Be7 24. Kh2 Bc5 25. Qg3 Nf6 26. Ne3 Bxe3 27. Qxe3 Rcd7 28. Bc2 Nxe4 29. Nf3 Rxd1 30. Rxd1 Rxd1 31. Bxd1 b5 32. cxb5 axb5 33. Qb6 Bc6 34. Nxe5 Nxe5 35. Bxe5 f6 36. Bb8 Qb7 37. Qd8+ Kf7 38. Bh5+ g6 39. Bf3 Ng5 40. Bxc6 Qxc6 1/2-1/2

[Event "Boca Juniors op"]
[Site "Buenos Aires"]
[Date "1998.05.15"]
[Round "8"]
[White "Dorin, Mauricio"]
[Black "Pierrot, Juan Facundo"]
[Result "1-0"]
[WhiteElo "2355"]
[BlackElo "2420"]
[PlyCount "67"]
[EventDate "1998.05.07"]
[EventType "swiss"]
[EventRounds "9"]
[EventCountry "ARG"]
[SourceTitle "CBM 064 Extra"]
[Source "ChessBase"]
[SourceDate "1998.07.07"]
[SourceVersion "1"]
[SourceVersionDate "1998.07.07"]
[SourceQuality "1"]

1. e4 c5 2. Nf3 Nc6 3. Bb5 e6 4. Bxc6 bxc6 5. d3 Ne7 6. Bd2 Ng6 7. h4 h5 8. e5 d6 9. exd6 Bxd6 10. Ng5 Rb8 11. Na3 Ba6 12. b3 Qc7 13. Qf3 Ne5 14. Qe2 Bb5 15. Bc3 a5 16. Nc4 Bxc4 17. dxc4 Kf8 18. 0-0-0 Ng6 19. Nxe6+ fxe6 20. Qxe6 Bf4+ 21. Kb1 Qf7 22. Qxc6 Ne7 23. Qxc5 Rh6 24. Rd7 Rc6 25. Qd4 Bh6 26. Re1 Re8 27. Qe4 Rc5 28. Be5 Rxe5 29. Qxe5 a4 30. g3 axb3 31. axb3 Qf6 32. Qxf6+ gxf6 33. c5 f5 34. c6 1-0

[Event "Boca Juniors op"]
[Site "Buenos Aires"]
[Date "1998.05.10"]
[Round "4"]
[White "Tempone, Marcelo"]
[Black "Dorin, Mauricio"]
[Result "1-0"]
[WhiteElo "2445"]
[BlackElo "2355"]
[PlyCount "94"]
[EventDate "1998.05.07"]
[EventType "swiss"]
[EventRounds "9"]
[EventCountry "ARG"]
[SourceTitle "CBM 064 Extra"]
[Source "ChessBase"]
[SourceDate "1998.07.07"]
[SourceVersion "1"]
[SourceVersionDate "1998.07.07"]
[SourceQuality "1"]

1. c4 e5 2. Nc3 Nf6 3. g3 Bb4 4. Bg2 0-0 5. e4 d6 6. Nge2 a5 7. 0-0 Bg4 8. h3 Be6 9. d3 Qc8 10. Kh2 Bxc3 11. bxc3 a4 12. f4 exf4 13. gxf4 Kh8 14. Ng3 Ng8 15. f5 Bd7 16. Nh5 Nc6 17. d4 f6 18. Qg4 Rf7 19. Qg3 Qf8 20. Rf4 Na5 21. Rh4 Nxc4 22. Bf3 Nh6 23. Be2 b5 24. Qf2 Re7 25. Nxg7 Nf7 26. Ne6 Bxe6 27. fxe6 Ng5 28. Bxc4 bxc4 29. d5 Rb8 30. Ba3 Qg7 31. Rf1 Rg8 32. Bc1 Nxe6 33. dxe6 Rxe6 34. Rg4 Qf7 35. Rxg8+ Qxg8 36. Rg1 Qf8 37. Qg2 Re8 38. Be3 c5 39. Bf4 Rd8 40. Qf3 Re8 41. Qg2 Rd8 42. Rd1 Qg7 43. Bxd6 Qxg2+ 44. Kxg2 Kg8 45. Rd5 Re8 46. Kf3 Re6 47. Bxc5 Kf7 1-0

[Event "Boca Juniors op"]
[Site "Buenos Aires"]
[Date "1998.05.09"]
[Round "3"]
[White "Dorin, Mauricio"]
[Black "Gomez Baillo, Jorge H"]
[Result "1/2-1/2"]
[WhiteElo "2355"]
[BlackElo "2440"]
[PlyCount "23"]
[EventDate "1998.05.07"]
[EventType "swiss"]
[EventRounds "9"]
[EventCountry "ARG"]
[SourceTitle "CBM 064 Extra"]
[Source "ChessBase"]
[SourceDate "1998.07.07"]
[SourceVersion "1"]
[SourceVersionDate "1998.07.07"]
[SourceQuality "1"]

1. d4 Nf6 2. c4 d6 3. Nc3 Nbd7 4. Nf3 c6 5. g3 e5 6. Bg2 Be7 7. 0-0 0-0 8. Qc2 Re8 9. h3 Qc7 10. Rd1 Bf8 11. b3 a6 12. Bb2 1/2-1/2